Forests at the wildland-urban interface : conservation and management

Bibliographic Details
Other Authors: Vince, Susan W.
Format: Book
Published: Boca Raton : CRC Press , c2005.
Series:Integrative studies in water management and land development.
Subjects:

MARC

LEADER 00000cam a2200000 7i4500
001 0000003537
005 20060412.0
020 0 0 |a 1566706025 
090 0 0 |a 333.7516091732   |b FOR 
245 1 0 |a Forests at the wildland-urban interface :   |b conservation and management   |c edited by Susan W. Vince ... [et al.]. 
260 0 0 |a Boca Raton :   |b CRC Press ,   |c c2005. 
300 |a 293 p. :   |b ill., maps ;   |c 29 cm. 
440 0 0 |a Integrative studies in water management and land development. 
650 0 0 |a Forest conservation. 
650 0 0 |a Forest management 
650 0 0 |a Forest policy. 
700 1 1 |a Vince, Susan W. 
999 |a 0000006666   |b Monograph   |c Open Shelf   |e Default branch 
999 |a 0000006892   |b Monograph   |c Open Shelf   |e Default branch